00553nam a2200181 450000500170000000800410001704000550005808000170011310000130013024500380014324600190018126000550020030000110025536500130026649000430027965000210032270000280034320260424113327.0260424b |||||||| |||| 00| 0 eng d aNational Science LibrarycNational Science Library a82-2 Q9bPAN aKalidasa aकुमारसंभवम् aKumarasambhava aVaranasi:bChaukhamba Surbharati Prakashan, c2019 a532p.  b500cINR aChaukhamba Surbharati Granthamalav105 aHindi literature aPandey, Pradyumna (Ed.)